000 00699nam a22002537a 4500
003 UA-OsUOA
001 26733
007 ta
008 20040608b un ||||| |||| 00| 0 ukr d
100 _aКозлов Б.А.
700 _aУшаков И.А.
090 _a621
_bК59
942 _cBK
040 _aUA-OsUOA
_brus
_cUA-OsUOA
_dUA-OsUOA
245 _aСправочник по расчету надежности аппаратуры радиоэлектроники и автоматики
300 _a472 с.
955 _a0
041 _arus
080 _a621
260 _aМосква
_b"Советское радио"
_c1975
044 _aRU
650 7 _2UDC
999 _c313061
_d313061